00892nam a2200229 a 450000500170000000800410001702000180005804000250007604100080010108200180010910000270012711000370015424501040019126000890029530000450038450400730042965000270050265000400052970000330056970000340060270000260063620200104041607.0150122b2007 ck |||||r|||| 00| 0 spa d a9789584420558 aCO-BoIAVHcCO-BoIAVH aspa04a595.789bC19s1 aAndrade-C., M. Gonzalo aUniversidad Nacional de Colombia10aSanta María mariposas alas y color :bMiniguias de Campo del Instituto de Ciencias Naturales N°4 aBogotá:bInstituto de Ciencias Naturales, Universidad Nacional de Colombia,c2007. afolletobIlustracion a colorc22 x 10 cm aIncluye bibliografía (pag 248) e índice de nombres científicos 4aMariposasvcatálogos 4aMariposasvguíasxclasificación1 aCampos Salazar, Lina Rocío1 aGonzález Montaña, Luis A.1 aPulido B., Hannier W.